| 000 | 01162nam a2200325 4500 | ||
|---|---|---|---|
| 003 | OSt | ||
| 005 | 20260530113904.0 | ||
| 008 | 260506b1998 mx ||||| |||| 00| 0 spa d | ||
| 040 |
_aICI _bspa _cICI |
||
| 041 | _aspa | ||
| 050 | 4 |
_aNA7244 _bM49 1998 |
|
| 100 | 1 |
_aSerra Puche Mari Carmen _dautora _932556 |
|
| 245 | 0 | 0 |
_aMéxico en sus casas _cSerra Puche Maricarmen |
| 264 | 1 |
_aMéxico, D.F. : _bUNAM, Dirección General de Publicaciones y Fomento Editorial, _c1998 |
|
| 300 |
_a178 páginas : _bilustraciones |
||
| 336 |
_atexto _2rdacontent |
||
| 337 |
_asin medio _2rdamedia |
||
| 338 |
_avolumen _2rdacarrier |
||
| 650 | 0 |
_aArquitectura doméstica _zMéxico _91939 |
|
| 700 | 1 |
_aHorz Balbás, Elena ; _eautor _932557 |
|
| 700 | 1 |
_aChanfón Olmos, Carlos ; _eautor _920 |
|
| 700 | 1 |
_aVargaslugo, Elisa ; _eautor _9356 |
|
| 700 | 1 |
_aArnal Simón, Luis ; _eautor _96709 |
|
| 700 | 1 |
_aPérez de Salazar Verea, Francisco ; _eautor _932558 |
|
| 700 | 1 |
_aOrtiz Macedo, Luis ; _eautor |
|
| 700 | 1 |
_aDe Robina Ricardo ; _eautor _932559 |
|
| 700 | 1 |
_aÁlvarez José Rogelio ; _eautor _922992 |
|
| 700 | 1 |
_aAlba Aldave, Fernando ; _eautor _932560 |
|
| 942 |
_2lcc _cBK _n1 |
||
| 999 |
_c11866 _d11866 |
||